Dannyje v jazykach programmirovanija abstrakcija i tipologija
Salvato in:
| Natura: | Libro |
|---|---|
| Lingua: | russo |
| Pubblicazione: |
Moskva
Mir
1982
|
| Serie: | Matematičeskoje obespečenije EVM
|
| Tags: |
Nessun Tag, puoi essere il primo ad aggiungerne!!
|
MARC
| LEADER | 00000nam a2200000 4500 | ||
|---|---|---|---|
| 001 | c130926 | ||
| 005 | 20260130130849.0 | ||
| 041 | 0 | |a rus | |
| 044 | |a RU | ||
| 245 | 1 | 0 | |a Dannyje v jazykach programmirovanija |b abstrakcija i tipologija |
| 264 | 1 | |a Moskva |b Mir |c 1982 | |
| 300 | |a 327 s. | ||
| 490 | 1 | |a Matematičeskoje obespečenije EVM | |
| 830 | 0 | |a Matematičeskoje obespečenije EVM | |